| 000 | 01263cam a2200253 4500 | ||
|---|---|---|---|
| 001 | ABS66174 | ||
| 008 | 021204n2002 000 0 eng u | ||
| 035 | _a(Sirsi) u120663 | ||
| 245 | _aL E Jones (Insurance Brokers) Ltd v Portsmouth CC | ||
| 260 | _c2002 | ||
| 490 |
_aEstates Gazette _v[2002] 47 EG 146 (CS) |
||
| 490 |
_aEstates Gazette _v[2003] 15 EG 139-143 |
||
| 490 |
_aBuilding Law Reports _v[2003] BLR 67-78(13 |
||
| 490 |
_aCourt of Appeal (Civil Division) _v[2002] EWCA Civil 1723 |
||
| 520 | _aCA 7 November 2002. It was found that a local authority, the appellant (P), was liable for damage to the respondent's (L) property caused by tree roots. The trees were on land owned by Hampshire CC but P maintained the land and trees under an agency agreement. Failure to maintain the trees led to soil desiccation and the need for L's property to be underpinned. It was held that the agreement was sufficient for P to have prevented or eliminated the nuisance. Held. Appeal was dismissed. | ||
| 590 | _aABS | ||
| 650 | _aL E JONES (INSURANCE BROKERS) V PORTSMOUTH CC | ||
| 650 | _aLIABILITY | ||
| 650 | _aTREE ROOT SUBSIDENCE | ||
| 650 | _aAGENCY AGREEMENTS | ||
| 650 | _aNUISANCE | ||
| 690 | _aPROPERTY AND LAND LAW-CASE LAW | ||
| 942 | _n0 | ||
| 999 |
_c71707 _d71707 |
||